1347 1370 1387 1426 1119 1865 1618 1640 1930 1641 1200 1351 1288 1932 1972 1381 1966 1353 1188 1249 1442 1931 1853 1688 1953 1784 1541 1256 1549 1719 1981 1841 1852 1299 1972 1348 1662 1473 1850 1296 1490 1955 1215 1860 1398 1285 1679 1326 1319 1569 1173 1704 1196 1349 1337 1847 1726 1858 1012 1706 1296 1791 1117 1505 1742 1727 1992 1750 1608 1233 1745 1773 1882 1413 1349 1304 1110 1620 1211 1665 1198 1869 1823 1377 1718 1376 1691 1935 1779 1467 1466 1773 1867 1806 1518 1030 1863 1906 1517 BCNSPRNW ULIB Ver.6.0+V

เปลี่ยนเป็นภาษาไทย

Change to English
 แสดงรายละเอียดบรรณานุกรม
  กลับหน้าหลัก

Brief Record : Get Marc (ISO 2709) : E-mail record : QR code < ปิดหน้าต่าง
LEADER : 00000nam 2200000uu 4500
001    13399112331
003     ULIB
008    110627s||||||||th 000 0 tha d
020    9786160602933
090    นว.^bส731ห 2554
100 0  สิรินดา
245 00 เหลี่ยมรักมัดใจ/^cสิรินดา
250    พิมพ์ครั้งที่ 3
260    กรุงเทพฯ :^bแจ่มใส,^c2554
300    220 หน้า
710 1  แจ่มใส
945    ^p149^l0^i030397
995    ทศพร
999 ^a ใช้งานได้ทุกระบบ
รายการนี้ยังไม่มีแท็ก
คุณยังไม่ได้ล็อกอิน คุณสามารถมีกิจกรรมร่วมกับเว็บไซต์ได้ แต่ต้องล็อกอินก่อน ::
  ล็อกอิน

รายการสื่อสารสนเทศ

ลำดับที่ ประเภท เลขเรียก/บาร์โค้ด สถานที่ สถานะ
- ไม่พบข้อมูล -

รายการใกล้เคียง
    ผู้แต่ง [สิรินดา]

BibComment


ยังไม่เคยถูกคอมเมนท์

คอมเมนท์ทรัพยากรรายการนี้
  คอมเมนท์: เหลี่ยมรักมัดใจ ส..


 Copyright 2026. Bcnsprnw @Library